000 00513nam a22001697a 4500
005 20251108164218.0
008 250721s1999 xx 000 0 ara d
082 1 4 _a210.41978/بدو
100 1 _aالبدوي، خليل
245 1 0 _aالحسد و الإصابة بالعين :
_bالأسباب_ الوقاية_ العلاج /
264 1 _aعمان :
_bدار عالم الثقافة،
_c1999.
300 _a176 ص
650 1 7 _aالإسلام
650 1 7 _aالحسد
942 _2ddc
_cBK
999 _c6472
_d6472